Vida cotidiana en la Palestina Bíblica
Guardat en:
| Autor principal: | |
|---|---|
| Format: | Llibre |
| Idioma: | espanyol |
| Publicat: |
Buenos Aires.
La Aurora.
1969.
|
| Matèries: | |
| Etiquetes: |
Afegir etiqueta
Sense etiquetes, Sigues el primer a etiquetar aquest registre!
|
MARC
| LEADER | 00000nam a22000005a 4500 | ||
|---|---|---|---|
| 001 | 17162 | ||
| 003 | CL-ChBUA | ||
| 005 | 20120815103629.0 | ||
| 008 | 070301s1969 ag 000 0 spa | ||
| 040 | |a CL-ChBUA |c CL-ChBUA | ||
| 082 | 0 | 0 | |a 220.91 |
| 090 | |c 17162 |d 17162 | ||
| 100 | 1 | |a Smither, Ethel L. | |
| 245 | 1 | 0 | |a Vida cotidiana en la Palestina Bíblica |
| 260 | |b La Aurora. |a Buenos Aires. |c 1969. | ||
| 650 | 4 | |a PALESTINA. | |
| 942 | |c LIB | ||
| 952 | |0 0 |1 0 |4 0 |7 0 |9 23743 |a UNACH |b UNACH |c 200 |d 2007-03-05 |i 7.885. |l 0 |o 220.91 / Sm 646. |p 24742 |r 2025-05-16 11:44:32 |u 23743 |w 2012-08-08 |y LIB |k 220.91 / Sm 646. | ||
| 999 | |c 17162 |d 17162 | ||